Countries With the Letter V - Statistics

General Stats
  • This quiz has been taken 131 times
  • The average score is 13 of 18
Answer Stats
Countries % Correct
Venezuela
94%
Vietnam
94%
Vatican City
92%
Vanuatu
91%
Tuvalu
82%
Latvia
76%
Bolivia
73%
Slovakia
73%
Slovenia
72%
Bosnia andHerzegovina
71%
Saint Vincent andthe Grenadines
71%
Kosovo
69%
Moldova
64%
Ivory Coast
62%
Maldives
60%
Saint Kittsand Nevis
60%
Cape Verde
59%
El Salvador
49%
No matching quizzes found
Score Distribution
Percent of People with Each Score
Percentile by Number Answered
Your Score History
You have not taken this quiz